Statistics for Disney Theme Park Locations

Click here to take the quiz!

General Stats

  • This quiz has been taken 45,534 times
  • The average score is 4 of 6

Answer Stats

Opening YearCity% Correct
1992Paris (Marne-la-Vallée)
93%
1971Orlando (Lake Buena Vista)
89%
1955Los Angeles (Anaheim)
88%
1983Tokyo (Urayasu)
81%
2016Shanghai
49%
2005Hong Kong
47%

Score Distribution

Percentile by Number Answered

Percent of People with Each Score

Your Score History

You have not taken this quiz